000 00536nam a22002177a 4500
999 _c6906
_d6906
001 6906
003 BD-JhCC
005 20180131193017.0
008 180131b xxu||||| |||| 00| 0 eng d
035 _a(BD-JhCC)6906
040 _aBD-JhCC
_dBD-JhCC
041 _aeng
082 _a823.8
_bHOP 1950
100 _aHope, Anthony
245 _aRupert of Hentzau /
_cAnthony Hope
260 _aLonfon :
_bJ. M. Dent & Sons Ltd.
_c1950.
300 _a232 p. :
_c20 cm.
650 _aAdventure Stories
942 _2ddc
_cBK